000 00447nam a2200169 4500
001 135865
003 ES-MaACL
005 20230906194957.0
007 t|
008 070214s1971 sp r ||||1| spa d
100 1 _aRousseau, Pierre.
_9100061
245 1 3 _aLa vida extraterrestre /
_cPierre Rousseau.
250 _a1ยช. ed.
260 _aBarcelona :
_bBruguera,
_c1971.
300 _a218 p. ;
_c18 cm.
852 _aES-MaACL
_jC-48688
_bR.80301
999 _c135865
_d135865